| 000 | 01154nam a22002417a 4500 | ||
|---|---|---|---|
| 999 |
_c168374 _d168374 |
||
| 005 | 20191005152232.0 | ||
| 010 | _aB-076645 | ||
| 020 |
_c250.00 _a817711039 |
||
| 035 | _aB-076645 | ||
| 082 |
_a863.1 _bटैगोर |
||
| 100 | _aटैगोर, रविन्द्रनाथ | ||
| 245 |
_aगीतांजलि / _c रविन्द्रनाथ टैगोर ; अनुवादक रमा तिवारी |
||
| 246 |
_aGitanjali _bby Ravindranath Taigor ; anuvadak Rmaa Tivari |
||
| 260 |
_aजयपुर _bसाहित्यागार प्रकाशन _c2002 |
||
| 270 |
_aधामानी मार्किट की गली चौड़ा रास्ता _bजयपुर _e-3 |
||
| 300 |
_a229पृष्ठ. : _c21सेमी(सजिल्द) _bचित्र. |
||
| 650 | _aहिंदी साहित्य | ||
| 650 | _aटैगोर का कविता संग्रह | ||
| 650 | _ahindi literature | ||
| 650 | _aTagore 's poetry collection | ||
| 700 |
_aतिवारी, रमा _984102 |
||
| 942 |
_2ddc _cHN _h863.1 _mटैगोर |
||